000 00683nam a2200169 a 4500
008 201118s2017 ||||||||||||||||| || u
020 _a9781781127292
050 _aPZ 7.A564
100 _aPalmer, Tom
245 1 0 _aDefenders Killing ground
_cBy Tom Palmer
260 _aEdinburgh
_bBarrington Stoke Ltd
_c2017
300 _a129 pages
350 _a18.64
650 _aENGLISH LANGUAGE
995 _aFICTION Collection
_e750501
_FCBU-MAIN LIBRARY (Kitwe)
_I18.64
_jPZ 7.A564
_M2
_UAVAILABLE
_WDec 10, 2020
_y750501
_ZFiction Collection
995 _aFICTION Collection
_e905205
_FCBU-SCHOOL OF MEDICINE LIBRARY (Ndola)
_I18.64
_jPZ 7.A564
_M1
_UAVAILABLE
_WNov 20, 2020
_y905205
_ZFiction Collection
999 _c63778
_d63778